In san francisco Part 1 & 2 / (Record no. 46280)

MARC details
000 -LEADER
fixed length control field 01002njm a22002777a 4500
005 - DATE AND TIME OF LATEST TRANSACTION
control field 20100913100347.0
007 - PHYSICAL DESCRIPTION FIXED FIELD--GENERAL INFORMATION
fixed length control field sd ammalaaahaa
008 - FIXED-LENGTH DATA ELEMENTS--GENERAL INFORMATION
fixed length control field 100913t xxu||||| |||| 00| 0 hin d
028 ## - PUBLISHER NUMBER
Publisher number WPS. 21449
Source Liberty
035 ## - SYSTEM CONTROL NUMBER
System control number GR-02960
040 ## - CATALOGING SOURCE
Original cataloging agency SED/VEN
100 ## - MAIN ENTRY--PERSONAL NAME
Personal name Ravi Shankar
9 (RLIN) 19606
245 ## - TITLE STATEMENT
Title In san francisco Part 1 & 2 /
Statement of responsibility, etc by Ravi Shankar
Medium [sound recording] :
246 ## - VARYING FORM OF TITLE
Title proper/short title इन सन फ्रांसिस्को (रवि शंकर)
260 ## - PUBLICATION, DISTRIBUTION, ETC. (IMPRINT)
Place of publication, distribution, etc Dum Dum, India
Name of publisher, distributor, etc Liberty
Date of publication, distribution, etc n.d.
300 ## - PHYSICAL DESCRIPTION
Extent 1 sound disc [Gramophone record] :
Other physical details analog, 33. 1/3 rpm
Dimensions 12 in. (LP)
Type of unit Gramophone record
500 ## - GENERAL NOTE
General note Brief record.
500 ## - GENERAL NOTE
General note Liberty
500 ## - GENERAL NOTE
General note Black
505 ## - FORMATTED CONTENTS NOTE
Formatted contents note Part 1 Raga Bhupal Todi (Ravi Shankar) Part 2 Dhun (A morning raga in sindhi-bhairavi)
650 ## - SUBJECT ADDED ENTRY--TOPICAL TERM
Topical term or geographic name as entry element Classical Music
General subdivision Excerpts
Geographic subdivision India
9 (RLIN) 19607
Form subdivision Raga
700 ## - ADDED ENTRY--PERSONAL NAME
9 (RLIN) 20331
700 ## - ADDED ENTRY--PERSONAL NAME
9 (RLIN) 20379
942 ## - ADDED ENTRY ELEMENTS (KOHA)
Source of classification or shelving scheme Dewey Decimal Classification
Item type Gramaphone Records
Holdings
Withdrawn status Lost status Source of classification or shelving scheme Damaged status Not for loan Home library Current library Date acquired Source of acquisition Total Checkouts Barcode Date last seen Copy number Price effective from Koha item type
    Dewey Decimal Classification   Not For Loan Central Library Central Library 16/09/2010 SED/VEN   GR-02960 16/09/2010 1 16/09/2010 Gramaphone Records

© Delhi Public Library
Hit Counter
free hit counter